[Event "Championnat de France 2014"]
[Site "Nimes"]
[Date "2014.08.19"]
[Round "3"]
[White "Cornette, Matthieu"]
[Black "Bacrot, Etienne"]
[Result "1/2-1/2"]
[WhiteElo "2533"]
[BlackElo "2720"]
[PlyCount "40"]
[EventDate "2014.??.??"]
[EventCountry "FRA"]

1. e4 c6 2. d4 d5 3. Nc3 dxe4 4. Nxe4 Bf5 5. Ng3 Bg6 6. N1e2 Nf6 7. Nf4 e5 8.
dxe5 Qa5+ 9. Bd2 Qxe5+ 10. Qe2 Nbd7 11. Nxg6 hxg6 12. Qxe5+ Nxe5 13. f4 $146 ({
RR} 13. Bc3 Ned7 14. Bc4 Rh4 15. Bb3 Nc5 16. O-O-O Nxb3+ 17. axb3 Rd8 18. Rhe1+
Be7 19. h3 Rxd1+ 20. Kxd1 Kf8 21. Bxf6 gxf6 22. Re4 f5 23. Rxh4 Bxh4 24. Ke2
Ke7 25. Nf1 a5 26. Ne3 b5 27. f3 f4 {Avshalumov,A-Kasparov,G Soviet Union 1977
1/2-1/2 (41)}) ({RR} 13. Bc3 Ned7 14. Be2 Nd5 15. Bd2 O-O-O 16. O-O-O N7f6 17.
h3 Bd6 18. Bf3 Bf4 19. Rhe1 Bxd2+ 20. Rxd2 Nc7 21. Re7 Rhf8 22. c4 Rde8 23.
Rde2 Ne6 24. Rxe8+ Rxe8 25. Ne4 Kc7 26. Nxf6 gxf6 27. Kd2 Rh8 {Santarius,E 
(2343)-Hernandez Carmenates,H (2548) Santa Clara USA 2014 1/2-1/2 (59)}) ({RR} 
13. Bc3 Ned7 14. a4 a5 15. Be2 Rh4 16. O-O Bb4 17. Bxb4 axb4 18. b3 Kf8 19.
Rfe1 Nc5 20. Bf3 Ne6 21. Be2 Nd5 22. Bc4 Nd4 23. Bxd5 cxd5 24. Re5 Rd8 25. Ne2
Re4 26. Rxe4 dxe4 27. Nxd4 Rxd4 {Bellini,F (2280)-Campora,D (2540) Mendrisio
1988 0-1 (45)}) 13... Ned7 14. O-O-O Bc5 15. Re1+ Kf8 16. Bd3 Bf2 (16... Re8
17. Rxe8+ Kxe8 18. Ne4 Nxe4 19. Bxe4 Nf6 20. Bf3 Kd7 21. b4 Bd6 22. g3 Nd5 23.
a3 b5 24. Kb2 a6 25. Kb3 Be7 26. c4 bxc4+ 27. Kxc4 Kd6 28. h4 Bf6 29. Rd1 Nb6+
30. Kb3 Re8 31. f5 Nd5 32. fxg6 fxg6 33. Bf4+ Ke6 34. Re1+ Kd7 35. Rxe8 Kxe8
36. Bxd5 cxd5 37. Kc2 Kd7 38. Kd3 Kc6 39. a4 Be7 40. Bd2 Bd6 41. g4 Be7 42. h5
Kd7 43. Bc3 gxh5 44. gxh5 Bf8 45. Bd4 Ke6 46. Kc3 Kf5 47. b5 axb5 48. a5 Bd6
49. a6 Bb8 50. Kb4 Kg5 51. Kxb5 {1-0 (51) Kacirek,P (2311)-Klicnar,M (2271)
Czechia 2001}) 17. Ref1 Bc5 18. Re1 Bf2 19. Ref1 Bc5 20. Re1 Bf2 1/2-1/2

[Event "Championnat de France 2014"]
[Site "Nimes"]
[Date "2014.08.19"]
[Round "3"]
[White "Chabanon, Jean-Luc"]
[Black "Bauer, Christian"]
[Result "1/2-1/2"]
[WhiteElo "2485"]
[BlackElo "2658"]
[PlyCount "168"]
[EventDate "2014.??.??"]
[EventCountry "FRA"]

1. d4 Nf6 2. c4 Nc6 3. Nf3 e6 4. g3 d5 5. Nbd2 ({RR} 5. cxd5 exd5 6. Bg2 Bb4+
7. Bd2 Bd6 8. Nc3 O-O 9. O-O h6 10. Bf4 Re8 11. Rc1 Bg4 12. Bxd6 Qxd6 13. h3
Bh5 14. Qd2 Ne4 15. Qd1 Rad8 16. Qb3 Bxf3 17. exf3 Nxd4 18. Nxe4 dxe4 19. Qd1
e3 {Arroyo Salido,M (2043)-Nilsen,J (2304) Can Picafort ESP 2014 0-1}) 5... Be7
$146 ({RR} 5... Bb4 6. a3 Bxd2+ 7. Nxd2 Nxd4 8. Bg2 c6 9. O-O O-O 10. b4 b5 11.
c5 e5 12. Bb2 Re8 13. Bxd4 exd4 14. Nb3 d3 15. Qxd3 Ng4 16. e3 Qf6 17. Nd4 Ne5
18. Qd1 a5 19. Qe2 Bf5 20. Nxf5 {Hofer,A-Gerstner,P Lienz 1988 1/2-1/2}) 6. Bg2
O-O 7. O-O a5 8. b3 (8. a3 Ne4 9. Qc2 f5 10. b3 Bd7 11. Bb2 Qc8 12. Ne5 Nxe5
13. dxe5 Nxd2 14. Qxd2 dxc4 15. bxc4 Bc6 16. Rfd1 Bxg2 17. Kxg2 Qb8 18. f3 Rd8
19. Qc3 a4 20. Rac1 Bg5 21. Rb1 Qa7 22. Rd4 Qc5 23. Rbd1 b6 24. Rxd8+ Rxd8 25.
Rxd8+ Bxd8 26. Qd3 Be7 27. e4 fxe4 28. Qxe4 Qa5 29. Qd3 Qe1 30. h4 g6 31. Bc3
Qc1 32. Bb4 Qb2+ 33. Kh3 Qb3 34. Qd7 c5 35. Bd2 Qxf3 {0-1 (35) Mladenov,I 
(2237)-Serafimov,T (2388) Sunny Beach 2009}) 8... a4 9. Bb2 a3 10. Bc3 Nb4 11.
c5 Nc6 12. b4 Bd7 13. Qb3 b6 14. b5 Nxd4 15. Bxd4 bxc5 16. Bxf6 Bxf6 17. Rac1
c4 18. Nxc4 dxc4 19. Rxc4 Rb8 20. Nd4 Bxd4 21. Rxd4 Qe7 22. Rb4 c5 23. Rh4 Bxb5
24. Qxa3 Bxe2 25. Re1 Bb5 26. Rc1 Rfd8 27. h3 Rbc8 28. Qa5 Bd3 29. Qc3 c4 30.
a4 Qa7 31. a5 Rb8 32. Be4 g6 33. Bxd3 cxd3 34. Rd1 Qa8 35. Rf4 Qd5 36. a6 e5
37. Ra4 Rbc8 38. Qa5 Qf3 39. Raa1 e4 40. Qb6 Re8 41. Qb7 h5 42. a7 h4 43. Rxd3
Qxd3 44. a8=Q Rxa8 45. Rxa8 Qd1+ 46. Kg2 Qf3+ 47. Kg1 Qd1+ 48. Kg2 Qf3+ 49. Kg1
Rxa8 50. Qxa8+ Kg7 51. gxh4 Qf4 52. Qd5 Qxh4 53. Qe5+ Kh7 54. Kg2 f6 55. Qe7+
Kh6 56. Qf8+ Kh5 57. Qh8+ Kg5 58. Qc8 Qf4 59. Qh8 Qf3+ 60. Kg1 Qh5 61. Qc8 Qd1+
62. Kg2 Qf3+ 63. Kg1 e3 64. fxe3 Kh4 65. Qh8+ Kg3 66. Qb8+ Kxh3 67. Qh2+ Kg4
68. Qd2 f5 69. Qd4+ Qe4 70. Qd2 g5 71. Qe2+ Qf3 72. Qd2 Kh4 73. Qh2+ Qh3 74.
Qd2 Qg3+ 75. Kf1 Qf3+ 76. Kg1 Qg3+ 77. Kf1 Kh3 78. Qd5 Kg4 79. Qd4+ Kf3 80.
Qd5+ Kxe3 81. Qd3+ Kf4 82. Qc4+ Kf3 83. Qe2+ Kf4 84. Qc4+ Ke5 1/2-1/2

[Event "Championnat de France 2014"]
[Site "Nimes"]
[Date "2014.08.20"]
[Round "4"]
[White "Bacrot, Etienne"]
[Black "Sokolov, Andrei"]
[Result "1-0"]
[WhiteElo "2720"]
[BlackElo "2556"]
[PlyCount "61"]
[EventDate "2014.??.??"]
[EventCountry "FRA"]

1. d4 Nf6 2. c4 e6 3. Nf3 Bb4+ 4. Bd2 c5 5. Bxb4 cxb4 6. Nbd2 O-O 7. e3 b6 8.
Bd3 Bb7 9. Qc2 d6 10. g4 g6 (10... Nxg4 11. Bxh7+ Kh8 12. Rg1 f5 13. d5 exd5
14. Bxf5 Nh6 15. Be6 Qf6 16. cxd5 Na6 17. Rg6 Qe7 18. Rg3 b3 19. axb3 Nb4 20.
Qe4 a5 21. Ng5 g6 22. Qxg6 Rf6 23. Nf7+ {1-0 (23) Bacrot,E (2705)-Farago,I 
(2472) Deizisau GER 2013}) 11. h4 Nxg4 12. h5 f5 13. hxg6 hxg6 14. Ke2 Qf6 15.
Rh4 Nc6 16. Rah1 Rae8 17. Qa4 Re7 18. R1h3 e5 19. d5 Nd4+ 20. exd4 e4 21. Kf1
exd3 22. Qxa7 b5 23. c5 Ra8 24. Qb6 dxc5 25. d6 Rd7 26. Qxb5 Rf7 27. Qc4 b3 28.
a3 Raf8 29. d7 Qe7 30. Rh8+ Kg7 31. R3h7+ 1-0

[Event "Championnat de France 2014"]
[Site "Nimes"]
[Date "2014.08.20"]
[Round "4"]
[White "Bauer, Christian"]
[Black "Fressinet, Laurent"]
[Result "0-1"]
[WhiteElo "2658"]
[BlackElo "2708"]
[PlyCount "72"]
[EventDate "2014.??.??"]
[EventCountry "FRA"]

1. c4 e6 2. Nf3 d5 3. b3 Nf6 4. g3 Be7 5. Bg2 O-O 6. O-O c5 7. e3 Nc6 8. Bb2 d4
9. exd4 cxd4 10. Re1 Bc5 11. d3 Re8 12. a3 a5 13. Nbd2 e5 14. Ng5 Bf8 15. Rc1 (
15. Bc1 h6 16. Nge4 Nh7 17. g4 h5 18. gxh5 f5 19. Ng3 e4 20. dxe4 f4 21. Nf5
Ng5 22. h4 Nxe4 23. Bxe4 Rxe4 24. Rxe4 Bxf5 25. Rxf4 Qd7 26. Qf3 Be6 27. Ne4
Be7 28. h6 Ne5 29. Qh5 Ng4 30. Rxg4 Bxg4 31. Qg6 Bxh4 32. Bg5 Bxg5 33. Nxg5 {
1-0 (33) Salaun,Y (2396)-Radulov,I (2407) Clichy 2000}) 15... Bg4 16. Bf3 Bxf3
17. Qxf3 Qe7 18. Nde4 Nxe4 19. Nxe4 Qe6 20. Kh1 Be7 21. g4 Nd8 22. Rb1 Qc6 23.
Bc1 Ne6 24. b4 axb4 25. axb4 Ra2 26. b5 Qc7 27. b6 Qc6 28. Rb5 f6 29. g5 f5 30.
Rxe5 fxe4 31. Qxe4 Qxe4+ 32. R1xe4 Rf8 33. f4 Nxg5 34. Re2 Rxe2 35. Rxe2 Bd6
36. Kg2 Nf7 0-1

[Event "Championnat de France 2014"]
[Site "Nimes"]
[Date "2014.08.20"]
[Round "4"]
[White "Gharamian, Tigran"]
[Black "Degraeve, Jean-Marc"]
[Result "1-0"]
[WhiteElo "2657"]
[BlackElo "2566"]
[PlyCount "67"]
[EventDate "2014.??.??"]
[EventCountry "FRA"]

1. d4 Nf6 2. c4 g6 3. Nc3 Bg7 4. Nf3 O-O 5. g3 d6 6. Bg2 Nbd7 7. O-O e5 8. e4
exd4 9. Nxd4 Re8 10. h3 a6 11. Be3 Rb8 12. b3 Nc5 $146 ({RR} 12... Ne5 13. a4
c5 14. Nde2 Qc7 15. Ra2 Be6 16. Rd2 Rbd8 17. Qc2 h6 18. f4 Nc6 19. Bf2 Nb4 20.
Qd1 Bd7 21. Rxd6 Bxh3 22. Rxd8 Rxd8 23. Nd5 Nbxd5 24. exd5 Bxg2 25. Kxg2 b5 26.
axb5 axb5 27. Nc3 {Titan,M (2202)-Jacko,V (2296) Pardubice CZE 2014 1-0 (41)})
13. Qc2 Bd7 14. Rad1 Qc8 15. Kh2 b5 16. b4 Na4 17. Nxa4 bxa4 18. Rb1 h5 (18...
Re5 19. f3 d5 20. Bf4 Rh5 21. e5 Bxh3 22. Kg1 dxc4 23. exf6 Bxf6 24. Be3 c5 25.
bxc5 Rxb1 26. Rxb1 Bxd4 27. Bxd4 Bf5 28. Qb2 Bxb1 29. Qxb1 c3 30. Qc2 Rxc5 31.
Bxc5 Qxc5+ 32. Kf1 Qe3 33. Qe2 Qc5 34. Qc2 Qe3 35. Qe2 Qg5 36. Qc2 Qe3 {1/2-1/
2 (36) Ibrahimov,R (2532)-Nisipeanu,L (2659) Konya TUR 2011}) 19. c5 dxc5 20.
bxc5 Rxb1 21. Rxb1 h4 22. g4 Bxg4 23. hxg4 Nxg4+ 24. Kh1 Nxe3 25. fxe3 Qg4 26.
Qf2 h3 27. Bf3 Qg5 28. c6 Be5 29. Rf1 Bg3 30. Qg1 Qh4 31. Ne2 Bd6 32. Nd4 Bg3
33. e5 Rxe5 34. Ne2 1-0

[Event "Championnat de France 2014"]
[Site "Nimes"]
[Date "2014.08.20"]
[Round "4"]
[White "Dorfman, Iossif"]
[Black "Maze, Sebastien"]
[Result "1-0"]
[WhiteElo "2571"]
[BlackElo "2565"]
[PlyCount "97"]
[EventDate "2014.??.??"]
[EventCountry "FRA"]

1. Nf3 Nf6 2. c4 g6 3. Nc3 Bg7 4. e4 d6 5. d4 O-O 6. Be2 Na6 7. O-O e5 8. Be3
c6 9. d5 Ng4 10. Bg5 f6 11. Bh4 c5 12. Ne1 h5 13. a3 Bd7 (13... Qe7 14. Nd3 b6
15. h3 Nh6 16. f4 g5 17. fxg5 fxg5 18. Rxf8+ Bxf8 19. Bf2 g4 20. h4 Nf7 21. g3
Bh6 22. b4 Bd7 23. bxc5 Nxc5 24. Nxc5 dxc5 25. a4 Rf8 26. a5 Qf6 27. Qe1 Nd6
28. Ra2 Bc1 29. axb6 axb6 30. Bxc5 bxc5 31. Qxc1 Qf2+ 32. Kh1 Qxg3 33. Qg5+ Kf7
34. Ra7 Qh3+ 35. Kg1 Qg3+ 36. Kh1 Ke8 37. Qg6+ Rf7 38. Qg8+ Ke7 39. Qg5+ Kf8
40. Ra8+ Nc8 41. Rxc8+ Bxc8 42. Qd8+ Kg7 43. Qg5+ Kh7 44. Qxh5+ Kg8 45. Qg5+
Rg7 46. Qd8+ Kh7 47. Qxc8 Rf7 48. Qxg4 Rf1+ 49. Bxf1 Qxg4 50. d6 Qf3+ {0-1 (50)
Gelfand,B (2750)-Carlsen,M (2813) Nice 2010}) 14. Nc2 (14. Nd3 Qe7 15. h3 Nh6
16. g4 hxg4 17. hxg4 Nf7 18. Kg2 Bh6 19. Rh1 Nb8 {1/2-1/2 (19) Solozhenkin,E 
(2472)-Yrjola,J (2375) Jyvaskyla FIN 2012}) 14... Nh6 15. f3 Nf7 16. b4 (16.
Rb1 Bh6 17. Kh1 Bg5 18. Bf2 f5 19. b4 b6 20. Qd3 Bh4 21. exf5 Bxf5 22. Qd1 Bxf2
23. Rxf2 Qh4 24. g3 {1/2-1/2 (24) Clara,H (2383)-Reschke,S (2341) Germany 1999}
) 16... Bh6 17. Rb1 Kg7 18. Bd3 b6 19. Qe2 Bg5 20. Be1 Rh8 21. Ne3 Qe7 22. Nb5
h4 23. Bc3 Bf4 24. Nd1 Rh5 25. Nf2 Kh7 26. Bc2 Bh6 27. Kh1 Be8 28. Ba1 Rc8 29.
Nc3 Bd7 30. Ba4 Bxa4 31. Nxa4 Qd7 32. Nc3 Kg7 33. Ncd1 Bf4 34. Nd3 Bg3 35. N1f2
Rch8 36. Nh3 Ng5 37. Nxg5 fxg5 38. h3 Bf4 39. bxc5 Nxc5 40. Nxc5 bxc5 41. Rb5
Rf8 42. Rfb1 Rf7 43. Bc3 Rh7 44. Bd2 Kh6 45. Bxf4 Rxf4 46. R1b3 Qc8 47. Qe1
Rhf7 48. Kh2 Kg7 49. Qa5 1-0

[Event "Championnat de France 2014"]
[Site "Nimes"]
[Date "2014.08.20"]
[Round "4"]
[White "Cornette, Matthieu"]
[Black "Edouard, Romain"]
[Result "1-0"]
[WhiteElo "2533"]
[BlackElo "2680"]
[PlyCount "107"]
[EventDate "2014.??.??"]
[EventCountry "FRA"]

1. c4 e5 2. Nc3 Nf6 3. Nf3 Nc6 4. e4 Bc5 5. Nxe5 Nxe5 6. d4 Nxe4 ({RR} 6... Bd6
7. c5 Bxc5 8. dxe5 Ng8 9. Qg4 Kf8 10. Qg3 Ne7 11. Bc4 Ng6 12. f4 Qh4 13. Nd5 c6
14. Be3 d6 15. Bxc5 Qxg3+ 16. hxg3 dxc5 17. Ne3 b5 18. Be2 Ke7 19. O-O-O Nf8
20. Nf5+ Bxf5 21. exf5 {Nimzowitsch,A-Reti,R Berlin 1928 1-0 (62)}) (6... Bb4
7. dxe5 Nxe4 8. Qf3 Nxc3 9. bxc3 Be7 10. Qg3 g6 11. Be2 O-O 12. O-O Bh4 13. Qf3
Re8 14. Bf4 Rb8 15. Rad1 b6 16. Rd4 Bg5 17. Bg3 Qe7 18. Bd3 Bb7 19. Qg4 Bc6 20.
f4 Bh6 21. f5 Be3+ 22. Kh1 Qg5 23. Qe2 Bxd4 24. cxd4 d5 25. Qf2 Rf8 26. Bh4 Qh6
27. Qg3 Qd2 28. Bg5 Qc3 29. cxd5 Bxd5 30. Bf6 Qd2 31. Kg1 b5 32. h4 Rb6 33.
fxg6 fxg6 34. h5 Rbxf6 35. exf6 Be4 36. hxg6 hxg6 37. f7+ Rxf7 38. Rxf7 Kxf7
39. Bxe4 Qc1+ 40. Kh2 Qh6+ 41. Kg1 Qc1+ 42. Kf2 Qb2+ 43. Kf3 Qc3+ 44. Kg4 Qxd4
45. Qxc7+ Ke6 46. Qc6+ Ke7 47. Qxg6 a5 48. Qg5+ Ke6 49. Qf5+ Ke7 50. Qd5 Qb2
51. Qc5+ {1-0 (51) Andreikin,D (2686)-Vitiugov,N (2720) Olginka RUS 2011}) 7.
Nxe4 Bb4+ 8. Nc3 Ng6 9. Bd3 O-O 10. O-O Bxc3 11. bxc3 d6 12. Qh5 Qd7 13. h3 (
13. Re1 Qg4 14. Qxg4 Bxg4 15. Be4 Rab8 16. Ba3 b6 17. Re3 Rfe8 18. Rae1 Bd7 19.
g3 Nf8 20. f4 g6 21. Kf2 Kg7 22. c5 dxc5 23. dxc5 f5 24. Bd5 Rxe3 25. Rxe3 Re8
26. c6 {1-0 (26) Baker,C (2351)-Savage,B (2330) Coulsdon 2009}) 13... f5 14.
Bd2 Qf7 15. Qf3 f4 16. Rfe1 c6 17. Bxg6 hxg6 18. d5 cxd5 19. Qxd5 f3 20. g4
Qxd5 21. cxd5 b5 22. Re7 Rf7 23. Re8+ Rf8 24. Rxf8+ Kxf8 25. Rb1 Ba6 26. Bf4
Rd8 27. Rb4 Kg8 28. a4 bxa4 29. Rxa4 Bb5 30. Rxa7 Bc4 31. Bg5 Rc8 32. Be3 Bxd5
33. Bd4 Bf7 34. Kh2 Re8 35. Kg3 Rf8 36. Rd7 d5 37. Rc7 g5 38. Bc5 Re8 39. Kxf3
Re1 40. Bd4 Kf8 41. Kg3 Re6 42. Rd7 Re4 43. Rd8+ Re8 44. Bc5+ Kg8 45. Rxe8+
Bxe8 46. Be7 Bb5 47. Bxg5 Kf7 48. Be3 g6 49. Kf4 Ke6 50. Kg5 Be8 51. f4 Bf7 52.
Bd4 Be8 53. h4 Kf7 54. h5 1-0

[Event "Championnat de France 2014"]
[Site "Nimes"]
[Date "2014.08.20"]
[Round "4"]
[White "Roser, Kevin"]
[Black "Chabanon, Jean-Luc"]
[Result "0-1"]
[WhiteElo "2400"]
[BlackElo "2485"]
[PlyCount "46"]
[EventDate "2014.??.??"]
[EventCountry "FRA"]

1. e4 e6 2. d4 d5 3. Nc3 Nf6 4. e5 Nfd7 5. f4 c5 6. Nf3 Nc6 7. Be3 Qb6 8. Na4
Qa5+ 9. c3 cxd4 10. b4 Qc7 11. Nxd4 a6 12. Qd2 ({RR} 12. Nxc6 bxc6 13. Rb1 Be7
14. Bd3 c5 15. O-O d4 16. cxd4 cxb4 17. f5 Nb6 18. Rc1 Qd8 19. Nxb6 Qxb6 20.
Qf3 Bb7 21. d5 Qa5 22. fxe6 {1-0 (22) Agdestein,S (2545)-Veinger,I (2415)
Jerusalem 1986}) 12... b5 13. Nb2 g5 $5 (13... Nb6 14. a4 Nc4 15. Nxc4 bxc4 16.
Nxc6 Qxc6 17. Bd4 Be7 18. Be2 O-O 19. h4 f6 20. Rh3 Bd7 21. Bf3 fxe5 22. fxe5
Qc7 23. Bg4 Rf7 24. h5 h6 25. Rf3 Raf8 26. Qc2 Bh4+ 27. Ke2 Rxf3 28. gxf3 Bg3
29. Bxe6+ Bxe6 30. Qg6 Bf7 31. Qxg3 Bxh5 32. b5 Qf7 33. e6 Qxe6+ 34. Kd2 Rf7
35. Rg1 Kh7 36. Qxg7+ {1-0 (36) Malisauskas,V (2525)-Sarakauskas,G (2430)
Vilnius 2004}) 14. fxg5 (14. Nxc6 gxf4 15. Bd4 Qxc6 16. Qxf4 $14) 14... Ncxe5
15. Be2 h6 16. gxh6 Nf6 17. Bf4 Ne4 18. Qe3 Bxh6 19. O-O $2 (19. Bxh6 Rxh6 20.
Qxh6 $2 Qxc3+ 21. Kf1 Qxd4 $18) 19... Bg7 $2 (19... Bxf4 20. Rxf4 (20. Qxf4
Qxc3 $19) 20... Ng6 $19) 20. Rac1 Qa7 21. a4 Ng6 22. axb5 Nxc3 23. Rxc3 Bxd4
0-1

[Event "Championnat de France 2014"]
[Site "Nimes"]
[Date "2014.08.21"]
[Round "5"]
[White "Fressinet, Laurent"]
[Black "Roser, Kevin"]
[Result "1-0"]
[WhiteElo "2708"]
[BlackElo "2400"]
[PlyCount "59"]
[EventDate "2014.??.??"]
[EventCountry "FRA"]

1. d4 Nf6 2. c4 e6 3. Nf3 b6 4. a3 Bb7 5. Nc3 d5 6. cxd5 Nxd5 7. e3 Be7 8. Bb5+
c6 9. Bd3 O-O 10. O-O Nd7 11. Qc2 h6 12. e4 Nxc3 13. bxc3 c5 14. Qe2 Qc7 15.
Rd1 (15. Bb2 Rac8 16. Nd2 Bg5 17. Nf3 Be7 18. e5 cxd4 19. cxd4 Qc6 20. Rfe1 Qd5
21. Qd1 Rc7 22. Re4 Rd8 23. Rg4 f5 24. exf6 Nxf6 25. Rg6 Qh5 26. Qe1 Bxf3 27.
Qxe6+ Kh8 28. gxf3 Bd6 29. Qf5 Bxh2+ 30. Kg2 Qxf5 31. Bxf5 Bf4 32. Re1 Bd2 33.
Rd1 Bc3 34. Rc1 Nd5 35. Bxc3 Nf4+ 36. Kh2 Nxg6 37. d5 Nf4 38. d6 Rxd6 39. Re1
Rd8 40. Bb4 Rf7 41. Be4 Nd3 42. Rd1 Rfd7 43. Bc6 Rd4 {0-1 (42) Williams,S 
(2511)-Doettling,F (2587) Haguenau FRA 2013}) (15. e5 Rfd8 16. Bf4 Nf8 17. Qe3
Rac8 18. Rfd1 cxd4 19. cxd4 Qc3 20. a4 Ng6 21. Bg3 Bxf3 22. gxf3 Qxd4 23. Bxg6
Qxe3 24. Bxf7+ Kxf7 25. fxe3 Rxd1+ 26. Rxd1 Rc4 27. a5 bxa5 28. Rd7 a4 29. Rxa7
a3 30. f4 Ke8 31. Kg2 Rc2+ 32. Kf3 a2 33. Ke4 Bb4 34. f5 Rc4+ 35. Kf3 exf5 36.
Rxa2 Kf7 37. Ra7+ Be7 38. h4 g5 39. hxg5 hxg5 40. Ke2 Rc6 41. Be1 Ke6 42. Kd3
Rb6 43. Bc3 g4 44. Bd4 Rc6 45. Ra1 Bf8 46. Rh1 Rc7 47. Rf1 Rf7 48. Ra1 Rb7 49.
Ra6+ Kd5 50. Rf6 Be7 51. Rxf5 Ke6 52. Rf4 g3 53. Rg4 Rb5 54. Ke4 Ra5 55. Rxg3
Rb5 56. Rg7 Ra5 57. Rh7 Rb5 58. Rh6+ Kd7 59. Ra6 Rb1 60. e6+ Kc7 61. Be5+ Kb7
62. Ra2 Rb4+ 63. Kf5 Rb1 64. Rc2 Bd8 65. Kg6 Rf1 66. Bf4 Kb6 67. Kf7 Rh1 68.
Ke8 Bf6 69. Kf7 Bd8 70. Be5 Rh7+ 71. Bg7 Rh3 72. e4 Rf3+ 73. Ke8 Bg5 74. e5 Rh3
75. e7 Rh7 76. Bf6 Bf4 77. Kd8 {1-0 (76) Agrest,E (2571)-Almasi,Z (2640)
Bastia 2005}) (15. a4 a6 16. Be3 b5 17. Rfb1 Bc6 18. Nd2 bxa4 19. e5 cxd4 20.
cxd4 Bb5 21. Nc4 Rfc8 22. Rc1 Nb6 23. Nd6 Bxd6 24. Rxc7 Bxc7 25. Bxb5 axb5 26.
Qxb5 Rcb8 27. Qc6 Nd5 28. Bc1 Rc8 29. Qd7 {1/2-1/2 (28) Shabalov,A (2585)
-Khalifman,A (2702) Moscow 2001}) 15... Rfd8 16. a4 Rac8 17. Bb2 c4 18. Bc2 e5
19. Ba3 Bxa3 20. Rxa3 Re8 21. a5 exd4 22. Nxd4 Qc5 23. Raa1 f5 24. axb6 axb6
25. Ra7 Bxe4 26. Rxd7 Bc6 27. Ne6 (27. Rxg7+ Kxg7 28. Qh5) 27... Bxd7 28. Rxd7
Rc6 $2 29. Qh5 Rcxe6 30. Qf7+ 1-0

[Event "Championnat de France 2014"]
[Site "Nimes"]
[Date "2014.08.21"]
[Round "5"]
[White "Edouard, Romain"]
[Black "Bacrot, Etienne"]
[Result "0-1"]
[WhiteElo "2680"]
[BlackElo "2720"]
[PlyCount "70"]
[EventDate "2014.??.??"]
[EventCountry "FRA"]

1. d4 d5 2. c4 e6 3. Nc3 Nf6 4. Nf3 Nbd7 5. g3 dxc4 6. Bg2 Bb4 7. a3 Bxc3+ 8.
bxc3 O-O 9. O-O Rb8 10. a4 (10. Bg5 h6 11. Bh4 g5 12. Nxg5 hxg5 13. Bxg5 Kh8
14. e4 Rg8 15. f4 Qe8 16. Bh4 Nh7 17. Qe2 b5 18. a4 a6 19. axb5 axb5 20. e5 f5
21. Ra7 Nb6 22. Rxc7 Rg7 23. Bf6 Nxf6 24. Rxg7 Kxg7 25. exf6+ Kf8 26. Qe5 Nd7
27. Qc7 b4 28. cxb4 Kf7 29. Re1 Kxf6 30. Bc6 Qe7 31. d5 Qxb4 32. Qd8+ Kg7 33.
Qg5+ Kh7 34. Qh5+ Kg7 35. Qg5+ Kh7 36. Qh5+ Kg7 37. Qg5+ {1/2-1/2 (37) Bukal,V
(2415)-Handler,L (2301) Oberwart AUT 2011}) 10... b6 11. Nd2 Ba6 12. Bc6 e5 13.
Ba3 exd4 14. Bxf8 Nxf8 15. cxd4 Qxd4 16. Rc1 Qc5 17. Bg2 Ne6 18. Re1 c6 19. e3
b5 20. Qf3 {11-33} b4 21. Qxc6 c3 22. Nb3 Qxc6 23. Bxc6 Rc8 24. Bg2 Kf8 25.
Red1 Be2 26. Re1 Bc4 27. Na5 Rc5 28. Nb7 Rc7 29. Nd6 Bd3 30. Bf1 Bxf1 31. Kxf1
a6 32. Ke2 c2 33. e4 Rc3 34. Nf5 Nxe4 35. f3 N4c5 0-1

[Event "Championnat de France 2014"]
[Site "Nimes"]
[Date "2014.08.21"]
[Round "5"]
[White "Sokolov, Andrei"]
[Black "Dorfman, Iossif"]
[Result "1/2-1/2"]
[WhiteElo "2556"]
[BlackElo "2571"]
[PlyCount "80"]
[EventDate "2014.??.??"]
[EventCountry "FRA"]

1. e4 c6 2. d4 d5 3. Nd2 dxe4 4. Nxe4 Bf5 5. Ng3 Bg6 6. h4 h6 7. Nf3 Nd7 8. h5
Bh7 9. Bd3 Bxd3 10. Qxd3 e6 11. Bf4 Qa5+ 12. Bd2 Bb4 13. Ne4 Ngf6 14. Nd6+ Ke7
15. Nxb7 Bxd2+ 16. Nxd2 Qb4 17. Qb3 Qxd4 18. O-O-O Rab8 19. Qa3+ c5 20. Na5
Rhc8 21. Ndc4 Qxf2 (21... Qf4+ 22. Qe3 Qxe3+ 23. Nxe3 Nb6 24. Nac4 (24. Rh4
Nfd5 25. Re1 Nxe3 26. Rxe3 f5 27. Rh1 Nd5 28. Re5 Kf6 29. Rhe1 Rb6 30. Nc4 Ra6
31. g3 Rd8 32. a3 Kf7 33. b3 Rc8 34. Kb2 Nf6 35. Rd1 Ke7 36. Rde1 Kf7 37. Rd1
Ke7 38. Rde1 {1/2-1/2 (38) Simacek,P (2489)-Donchenko,A (2449) Marianske Lazne
CZE 2014}) 24... Rc7 25. f3 Nxc4 26. Nxc4 Rd8 27. Rxd8 Kxd8 28. g4 Nd5 29. Rd1
Ke7 30. a3 Kf6 31. Kd2 g6 32. hxg6 fxg6 33. Rh1 Kg5 34. Re1 Nf4 35. Re5+ Kh4
36. Ke3 Kg3 37. Nd2 Nd5+ 38. Ke2 c4 39. Ne4+ Kg2 40. Nc3 Nf4+ 41. Ke3 Rf7 42.
Rc5 Nh3 43. Rxc4 Rxf3+ 44. Kd4 Rf4+ 45. Ne4 Nf2 46. Ke5 Rxg4 47. b3 h5 48. Nxf2
Kxf2 49. Rc7 h4 50. c4 h3 51. Rh7 Rg5+ 52. Kxe6 Rh5 53. Rd7 Ke2 {0-1 (53)
Michalczak,T (2368)-Moiseenko,A (2658) Plovdiv BUL 2010}) 22. Rdf1 Qe2 23. Qg3
Qg4 24. Qd6+ Ke8 25. Rd1 Qg5+ 26. Kb1 Nd5 27. Rde1 Nc3+ 28. Ka1 Nb5 29. Qa6 Nd4
30. Nd6+ Kf8 31. Nxc8 Nxc2+ 32. Kb1 Na3+ 33. Ka1 Nc2+ 34. Kb1 Na3+ 35. Ka1 Nc2+
36. Kb1 Na3+ 37. Ka1 Nc2+ 38. Kb1 Na3+ 39. Ka1 Nc2+ 40. Kb1 Na3+ 1/2-1/2

[Event "Championnat de France 2014"]
[Site "Nimes"]
[Date "2014.??.21"]
[Round "5"]
[White "Degraeve, Jean-Marc"]
[Black "Cornette, Matthieu"]
[Result "1-0"]
[WhiteElo "2566"]
[BlackElo "2533"]
[PlyCount "125"]
[EventDate "2014.??.??"]
[EventCountry "FRA"]

1. e4 c5 2. Nf3 e6 3. d4 cxd4 4. Nxd4 Nc6 5. Nc3 Qc7 6. g3 a6 7. Bg2 d6 8. O-O
Bd7 9. Nxc6 Bxc6 10. a4 Nf6 11. a5 Be7 12. Be3 O-O 13. Bb6 Qb8 14. Re1 Nd7 15.
Bd4 Bf6 16. Bxf6 Nxf6 17. Qd4 Qc7 (17... Rd8 18. Red1 Qc7 19. Qb4 {1/2-1/2 (19)
Matulovic,M (2420)-Rajkovic,D (2490) Budva 2002}) 18. Red1 Rfd8 19. Rd2 Rac8
20. Qb4 Rb8 21. Rad1 Ne8 22. b3 b6 23. axb6 Qxb6 24. Qxb6 Rxb6 25. Ra1 Kf8 26.
Nd1 Nf6 27. Rd4 e5 28. Rc4 Ra8 29. Nc3 a5 30. Bf1 Bb7 31. f3 g5 32. Bd3 Kg7 33.
Rca4 g4 34. fxg4 Nxg4 35. Rxa5 Rc8 36. Rb5 Ra6 37. Re1 Ra7 38. Nd5 Ba6 39. Ra5
Bxd3 40. Rxa7 Rxc2 41. Ne3 Nxe3 42. Rxe3 Be2 43. h3 Kf6 44. Ra8 Bb5 45. Rh8 Kg7
46. Rd8 Rd2 47. b4 Rd4 48. Rb3 f5 49. exf5 d5 50. Rd6 Rd1+ 51. Kf2 Rf1+ 52. Ke3
d4+ 53. Ke4 Re1+ 54. Kd5 Be8 55. Ra3 Bf7+ 56. Kc5 Rc1+ 57. Kb6 Rc4 58. Kb5 Rc7
59. g4 Kf8 60. f6 Be8+ 61. Kb6 Rc4 62. Ra8 Rxb4+ 63. Kc5 1-0

[Event "Championnat de France 2014"]
[Site "Nimes"]
[Date "2014.08.21"]
[Round "5"]
[White "Maze, Sebastien"]
[Black "Bauer, Christian"]
[Result "1-0"]
[WhiteElo "2565"]
[BlackElo "2658"]
[PlyCount "113"]
[EventDate "2014.??.??"]
[EventCountry "FRA"]

1. e4 Nc6 2. Nf3 e6 3. d4 d5 4. Nc3 Nf6 5. Bd3 Nb4 6. Bg5 Be7 7. e5 Nd7 8. h4
h6 (8... f6 9. exf6 Bxf6 10. Qe2 Nxd3+ 11. Qxd3 O-O 12. O-O-O c5 13. Qe3 Qb6
14. Na4 Qa6 15. dxc5 Qxa4 16. Qxe6+ Kh8 17. Qxd5 Qb4 18. Bxf6 Nxf6 19. Qd6 Bf5
20. h5 Qa4 21. Nd4 Ne4 22. Qd5 Rad8 23. Qxf5 Rxf5 24. Nxf5 Re8 25. Rh4 Qa5 26.
h6 gxh6 27. Kb1 Nd2+ 28. Ka1 Re1 29. Rh1 Rxh1 30. Rxh1 Qxc5 31. Ne3 Nc4 32. Ng4
Qd4 {0-1 (32) Tiitta,S (2193)-Kekki,P (2285) Helsinki 1999}) 9. Bxe7 Qxe7 10.
Rh3 c5 11. Qd2 cxd4 12. Ne2 Nc6 13. Qf4 f6 14. exf6 gxf6 15. Nfxd4 e5 16. Bg6+
Kd8 17. Nxc6+ bxc6 18. Qd2 Nb6 19. Rb3 Qc5 20. Ng3 Kc7 21. O-O-O Bg4 22. Re1
Nc4 23. Qb4 Qxb4 24. Rxb4 a5 25. Ra4 Rhg8 26. h5 Bd7 27. b3 Nd6 28. Rh4 a4 29.
Kd2 axb3 30. axb3 Ra2 31. Rhh1 Rga8 32. Ne2 Bf5 33. Bxf5 Nxf5 34. Rh3 Ra1 35.
Rxa1 Rxa1 36. Rf3 Nd6 37. Ng3 f5 38. Nxf5 Ne4+ 39. Ke2 Ra2 40. Nxh6 Rxc2+ 41.
Kd1 Rxf2 42. Rxf2 Nxf2+ 43. Kc2 e4 44. Nf5 Ng4 45. h6 Nf6 46. g4 Nh7 47. Kd2 c5
48. Ke3 Kd7 49. Kf4 Ke6 50. g5 Nf8 51. Nh4 Kf7 52. Kf5 e3 53. g6+ Nxg6 54. Nxg6
e2 55. Ne5+ Kf8 56. Nf3 c4 57. Kg6 1-0